| 000 | 00619pam a2200181 a 4500 | ||
|---|---|---|---|
| 020 | _a067176747X | ||
| 040 | _cDLC | ||
| 082 | 0 | 0 | _a031 SIM 1994 C152 Or. |
| 245 | 0 | 0 |
_aAll there is to know : _breadings from the illustrious eleventh edition of the Encyclopaedia Britannica / |
| 260 |
_aNew York : _bSimon & Schuster, _cc1994. |
||
| 300 |
_a432 p. : _bill. ; _c25 cm. |
||
| 500 | _aBased on the 28 volume, eleventh edition of the Encyclopedia Britannica. | ||
| 500 | _aIncludes indexes. | ||
| 650 | 0 | _aEncyclopedias and dictionaries. | |
| 700 | 1 | _aColeman, Alexander. | |
| 700 | 1 | _aSimmons, Charles, | |
| 942 | _cAEDBB | ||
| 999 |
_c18763 _d18763 |
||